LEADER 01876nam a2200385 u 4500 001 000000011422 003 CaOOAMICUS 005 20070226105426.0 008 940516s1971 it u000 u ita u 035 $a10280700 040 $aPUL(R)$bita 041 1 $aita$hfre 100 1 $aMillet, Louis.$0(OLS)http://pul/name/11010 240 10$aStructuralisme.$lItaliano.$0(OLS)http://pul/title/16560 245 13$aLo strutturalismo :$bSaussure - Levi Strauss - Lacan - Foucault - Althusser - Barthes /$cLouis Millet e Madeleine Varin d'Ainville. 260 $aRoma :$bCittà Nuova,$c1971. 300 $a133 p. ;$c21 cm 500 $aTraduzione dal francese di Arria Tombesi. 600 14$aAlthusser, Louis,$d1918-$0(OLS)http://pul/subject/7892 600 14$aSaussure, Ferdinand de,$d1857-1913.$0(OLS)http://pul/subject/8735 600 14$aLévi-Strauss, Claude,$d1908-$0(OLS)http://pul/subject/8736 600 14$aLacan, Jacques,$d1901-1981.$0(OLS)http://pul/subject/8737 600 14$aFoucault, Michel,$d1926-1984.$0(OLS)http://pul/subject/8738 600 14$aBarthes, Roland,$d1915-1980.$0(OLS)http://pul/subject/8739 650 4$aStrutturalismo.$0(OLS)http://pul/subject/477 700 1 $aTombesi, Arria.$0(OLS)http://pul/name/11012 700 1 $aVarin d'Ainville, Madeleine.$0(OLS)http://pul/name/11011 850 $aPUL 852 $aPUL$W1$xDP1 Fondo Bordoni$y120$m1 A 24$j35303$qFondi$B175769$CPULBib$Z2$F175769 $HBor1109 $81 852 $aPUL$W1$xSL Filosofia 1$y2$m88 M 5$j16175$nBK-PRI$b $qStampati$B16175$CPULBib$Z2$F16175 $H $81 941 1 $a1 941 1 $a8 961 $aINV: 57849 996 $6245$aLo strutturalismo :$bSaussure - Levi Strauss - Lacan - Foucault - Althusser - Barthes$9(OLS)http://pul/title/16561 996 $6260$aRoma :$bCittà Nuova$9(OLS)http://pul/publisher/47927 LEADER 01307nam a2200277 u 4500 001 000000077389 003 CaOOAMICUS 005 20070226123321.0 008 040202s2003 enka u000 u eng u 020 $a1844720012 035 $a10982984 040 $aPUL$bita 245 00$aViews of ancient Egypt since Napoleon Bonaparte :$bimperialism, colonialism and modern appropriations /$cedited by David Jeffreys. 260 $aLondon :$bUCL Press institute of archaeology,$cc2003. 300 $axvi, 223 p. :$bill. ;$c23 cm 490 1 $aEncounters with Ancient Egypt 500 $a"Index": p. [217]-223. 651 4$aEgitto$xAntichità.$0(OLS)http://pul/subject/25299 700 1 $aJeffreys, D. G.$q(David Glenmor).$0(OLS)http://pul/name/51450 830 0$aEncounters with Ancient Egypt.$0(OLS)http://pul/title/101450 850 $aPUL 852 $aPUL$W1$xSL Religione 1$y3$m10(3) A 7.8$j99424$nBK-PRI$b $qStampati$B99424$CPULBib$Z2$F99424 $HPUL94017 $81 941 1 $a8 996 $6020$a1844720012$9(OLS)http://pul/number/101424 996 $6245$aViews of ancient Egypt since Napoleon Bonaparte :$bimperialism, colonialism and modern appropriations$9(OLS)http://pul/title/101477 996 $6260$aLondon :$bUCL Press institute of archaeology$9(OLS)http://pul/publisher/75083